| 000 | 00464nam a2200181Ia 4500 | ||
|---|---|---|---|
| 999 |
_c29285 _d29285 |
||
| 003 | OSt | ||
| 005 | 20210104141731.0 | ||
| 008 | 190216s9999||||xx |||||||||||||| ||und|| | ||
| 020 | _a9788182641655 | ||
| 040 | _coclc | ||
| 082 |
_a954 _bNEH/O |
||
| 100 | _aJawharlal Nehru | ||
| 245 | 0 |
_aOrachan Makalkkayacha Kathukal / _cJawaharlal Nehru |
|
| 260 | _bMathrubhumi Printing And Publishing, | ||
| 300 | _a101 | ||
| 650 | _aMalayalam Charithram | ||
| 942 |
_cBK _2ddc |
||